| 000 | 00575nam a2200193Ia 4500 | ||
|---|---|---|---|
| 008 | 151119s9999||||xx |||||||||||||| ||und|| | ||
| 082 | _a891.467 | ||
| 082 | _bGKKV13653 | ||
| 100 | _a"भुर्के, श्याम" | ||
| 245 | _aखुमासदार अत्रे | ||
| 260 | _a-- | ||
| 260 | _b-- | ||
| 260 | _c1997 | ||
| 600 | _a"भुर्के, श्याम" | ||
| 630 | _aखुमासदार अत्रे | ||
| 700 | _a"भुर्के, श्याम" | ||
| 730 | _aखुमासदार अत्रे | ||
| 942 | _cBOOK | ||
| 999 |
_c1067267 _d1067264 |
||